| 000 | 00356pab a2200145 454500 | ||
|---|---|---|---|
| 008 | 180718b1987 xxu||||| |||| 00| 0 eng d | ||
| 100 | _aDavies, C.J. | ||
| 245 | _aControlling administrative corruption | ||
| 260 | _c1987 | ||
| 300 | _a62-6 | ||
| 362 | _aAutumn | ||
| 650 | _aCorruption, Political | ||
| 773 | _aPlanning and administration | ||
| 909 | _a6774 | ||
| 999 |
_c6774 _d6774 |
||